Chỗ đứng: Truyện ngắn ; Hoa rừng: Truyện và ký ; Nhật ký chiến trường và thơ

Spremljeno u:
Bibliografski detalji
Glavni autor: Dương, Thị Xuân Quý
Format: Knjiga
Jezik:Undetermined
Izdano: Hà Nội Hội nhà văn 2015
Teme:
Oznake: Dodaj oznaku
Bez oznaka, Budi prvi tko označuje ovaj zapis!
Thư viện lưu trữ: Trung tâm Học liệu Trường Đại học Cần Thơ
LEADER 00707nam a2200193Ia 4500
001 CTU_210154
008 210402s9999 xx 000 0 und d
082 |a 895.922334 
082 |b Qu600 
100 |a Dương, Thị Xuân Quý 
245 0 |a Chỗ đứng: Truyện ngắn ; Hoa rừng: Truyện và ký ; Nhật ký chiến trường và thơ 
245 0 |c Dương Thị Xuân Quý 
260 |a Hà Nội 
260 |b Hội nhà văn 
260 |c 2015 
650 |a Vietnamese literature,Văn học Việt Nam 
650 |y 20th century,Thế kỷ 20 
904 |i Châu Thiên Phúc, Trúc 
980 |a Trung tâm Học liệu Trường Đại học Cần Thơ